| 000 | 00941cam a2200289 a 4500 | ||
|---|---|---|---|
| 001 | .B67521770 | ||
| 003 | BAB | ||
| 005 | 20251229114130.0 | ||
| 008 | 160614s2015 spc 000 0 cat|c | ||
| 017 |
_aDL Gi 1854-2015 _bBiblioteca de Catalunya |
||
| 020 | _a9788460835011 | ||
| 029 | _a1090894714 | ||
| 040 |
_aBAB _bcat _dBAB |
||
| 080 | _a821[09]134.1(09) | ||
| 100 | 1 |
_aPuigdevall, Ponç _d1963- _911806 |
|
| 245 | 1 | 4 |
_aEls convidats de pedra _cPonç Puigdevall |
| 260 |
_aGirona _bEl Llop Ferotge _c2015 |
||
| 300 |
_a293 pàgines _c24 cm |
||
| 490 | 1 |
_aCol·lecció la Llibreta blava _v2 |
|
| 650 | 7 |
_aCrítica literària _2lemac _9152822 |
|
| 650 | 7 |
_aLiteratura catalana _xHistòria i crítica _2lemac _923463 |
|
| 830 | 0 |
_0BAA20160108941 _aLlibreta Blava _v2 |
|
| 852 | _9359459 | ||
| 942 |
_cLIB _07 |
||
| 336 |
_atext _btxt _2rdacontent |
||
| 337 |
_asense mediació _bn _2rdamedia |
||
| 338 |
_avolum _bnc _2rdacarrier |
||
| 999 |
_c8577 _d8577 |
||